Les 100 meilleurs joueurs de foot du 21ème siècle - Statistiques

Statistiques générales
  • Ce quiz a été pris 5 048 fois
  • Le résultat moyen est 50 sur 100
Statistiques - réponses
# Joueur Nation % Correct
2 Cristiano Ronaldo Portugal
100%
1 Lionel Messi Argentine
99%
17 Ronaldo (R9) Brésil
98%
75 Kylian Mbappe France
94%
25 Neymar Brésil
94%
6 Zinedine Zidane France
93%
3 Andres Iniesta Espagne
89%
14 Luka Modric Croatie
87%
5 Ronaldinho Brésil
87%
4 Xavi Espagne
87%
10 Luis Suarez Uruguay
85%
7 Thierry Henry France
82%
13 Zlatan Ibrahimovic Suède
81%
51 Antoine Griezmann France
78%
11 Karim Benzema France
78%
8 Manuel Neuer Allemagne
77%
29 Gareth Bale Pays de Galles
76%
20 Thomas Muller Allemagne
75%
15 Samuel Eto'o Cameroun
74%
19 Sergio Ramos Espagne
71%
77 Harry Kane Angleterre
70%
47 Kevin de Bruyne Belgique
70%
28 Robert Lewandowski Pologne
70%
68 Mohamed Salah Egypte
69%
40 Didier Drogba Côte d'Ivoire
68%
58 Eden Hazard Belgique
64%
79 Edinson Cavani Uruguay
64%
9 Kaka Brésil
63%
43 Toni Kroos Allemagne
63%
18 Philipp Lahm Allemagne
62%
35 Gianluigi Buffon Italie
59%
22 Arjen Robben Pays-Bas
58%
39 Frank Ribery France
58%
16 Wayne Rooney Angleterre
58%
27 Iker Casillas Espagne
56%
61 Paolo Maldini Italie
56%
87 Thiago Silva Brésil
55%
88 Thibaut Courtois Belgique
55%
55 Angel Di Maria Argentine
54%
54 Virgil van Dijk Pays-Bas
54%
64 Marcelo Brésil
53%
57 Roberto Carlos Brésil
53%
31 Andriy Shevchenko Ukraine
52%
46 Carlos Puyol Espagne
50%
73 David Silva Espagne
50%
24 Gerard Pique Espagne
50%
76 N'Golo Kante France
50%
30 Sergio Busquets Espagne
50%
37 Patrick Vieira France
49%
12 Dani Alves Brésil
48%
21 Steven Gerrard Angleterre
48%
59 David Villa Espagne
47%
36 Frank Lampard Angleterre
47%
83 Raphael Varane France
47%
80 Alexis Sanchez Chili
46%
63 David Beckham Angleterre
46%
69 Fabio Cannavaro Italie
46%
98 Rivaldo Brésil
44%
33 Andrea Pirlo Italie
43%
90 Arturo Vidal Chili
43%
85 Fernando Torres Espagne
43%
42 Luis Figo Portugal
43%
49 Pavel Nedved Tchéquie
42%
26 Sergio Aguero Argentine
42%
45 Yaya Toure Côte d'Ivoire
42%
65 Cafu Brésil
40%
99 Miroslav Klose Allemagne
39%
52 Radamel Falcao Colombie
39%
78 Ivan Rakitic Croatie
37%
32 Rio Ferdinand Angleterre
34%
93 Mesut Ozil Allemagne
33%
81 Ryan Giggs Pays de Galles
33%
72 Alessandro Nesta Italie
32%
74 Jan Oblak Slovénie
32%
50 Petr Cech Tchéquie
32%
38 Francesco Totti Italie
31%
34 Claude Makelele France
28%
60 Nemanja Vidic Serbie
28%
67 Raul Espagne
28%
23 Ashley Cole Angleterre
27%
48 Xabi Alonso Espagne
27%
56 Paul Scholes Angleterre
26%
71 Wesley Sneijder Pays-Bas
25%
66 Bastian Schweinsteiger Allemagne
24%
41 Vincent Kompany Belgique
24%
44 John Terry Angleterre
23%
92 Edwin van der Sar Pays-Bas
22%
84 Henrik Larsson Suède
22%
62 Ruud van Nistelrooy Pays-Bas
22%
91 Carlos Tevez Argentine
19%
53 Michael Ballack Allemagne
19%
95 Deco Brésil
18%
70 Cesc Fabregas Espagne
17%
94 Javier Zanetti Italie
17%
82 Raheem Sterling Angleterre
17%
89 Hernan Crespo Argentine
13%
96 David De Gea Espagne
12%
86 Juan Roman Riquelme Argentine
11%
97 Luca Toni Italie
8%
100 Trent Alexander-Arnold Angleterre
7%
Aucun quiz correspondant
Distribution des résultats
% des personnes avec chaque résultat
Percentile par nombre de réponses
Votre historique - résultats
Vous n’avez pas pris ce quiz